000 00293nam a22001337a 4500
008 181008b xxu||||| |||| 00| 0 eng d
020 _a0683002112
041 _aeng
080 _a611
100 _a6
101 _aANA
245 _aGrant's Atlas of Anatomy
_cAnderson, J.E
942 _2udc
_cBK
999 _c49082
_d49082